000 01112nam a2200313Ia 4500
003 OSt
005 20221007124145.0
006 a|||||r|||| 00| 0
007 ta
008 221006b |||||||| |||| 00| 0 eng d
020 _a9781891389252 (hbd)
024 _a113005
037 _b1850, 08/07/2010, Educational Book Agency (India)
_cTextbook
040 _aCDL
_cCDL
_beng
041 _2eng
_aeng
082 _aE5:25, Q0 Carc
100 _aTurro Nicholas J
_9718229
245 0 _aModern molecular photochemistry of organic molecules
_b Ramamurthy V Scaiano J C
260 _aSausalito
_bUniversity Science Books
_c2010
300 _axxxiii, 1084p.
_ccm.
500 _aIncludes bibliographical references.; Index 1043-1084p.
650 _a Organic compounds
650 _a Organic photochemistry
_9717952
650 _aChemistry
700 _a Ramamurthy V
_9103493
700 _a Scaiano J C
_9718231
942 _hE5:25, Q0 Carc
_cTB
_2CC
999 _c1213098
_d1213098